MARC

LEADER 00000nas a2200000 i 4500
001 ssj0001105127
003 WaSeSS
005 20200512172242.0
006 m d
007 cr n
008 131228c20uu9999fr a| p|s|||||| |0eng d
022 |a 2307-437X  |l 2307-4361 
035 |a (WaSeSS)ssj0001105127 
040 |a WaSeSS  |b eng  |c WaSeSS  |d WaSeSS 
050 1 4 |a HG4583 
210 1 |a OECD int. direct invest. stat.  |b (Paris. 2012. Online) 
222 0 |a OECD international direct investment statistics  |b (Paris. 2012. Online) 
245 0 0 |a OECD international direct investment statistics  |h [electronic resource]. 
246 1 |a Organisation for Economic Cooperation and Development international direct investment statistics 
260 |a Paris :  |b Organisation for Economic Cooperation and Development (OECD) 
310 |a Annual 
506 |a License restrictions may limit access. 
588 |a Description based on: 2012; title from title screen (ProQuest, viewed Dec. 28, 2013). 
588 |a Latest issue consulted: 2013 (viewed Dec. 28, 2013). 
650 0 |a Investments, Foreign  |x Statistics  |v Periodicals. 
655 0 |a Electronic journals. 
776 0 8 |i Print version:  |t OECD international direct investment statistics  |x 2307-4361 
780 0 0 |t International direct investment statistics yearbook (Online)  |x 1996-370X 
856 4 0 |z Full text available from Research Library: 01/01/2012 to 12/31/2014  |u https://search.proquest.com/publication/2026419 
856 4 0 |z Full text available from Research Library: 01/01/2018 to 6 months ago  |u https://search.proquest.com/publication/2026419